[Event "SLO-ch U10"]
[Site "Ptuj"]
[Date "2017.03.03"]
[Round "9"]
[White "Kitak, Luka"]
[Black "Perme, Martin"]
[Result "1-0"]
[WhiteElo "1621"]
[BlackElo "1169"]
[PlyCount "39"]
[EventDate "2017.02.27"]
[EventType "swiss"]
[EventRounds "9"]
[EventCountry "SLO"]
[SourceTitle "CBM 177 Extra"]
[Source "ChessBase"]
[SourceDate "2017.04.27"]
[SourceVersion "1"]
[SourceVersionDate "2017.04.27"]
[SourceQuality "1"]

1. e4 e5 2. Nf3 Nc6 3. Bc4 Bc5 4. 0-0 Nf6 5. d4 exd4 6. e5 Ne4 7. Bd5 f5 8. exf6 Nxf6 9. Bg5 h6 10. Bh4 g5 11. Bxc6 dxc6 12. Re1+ Be7 13. Bg3 Bg4 14. Qxd4 Qc8 15. Qxf6 Rh7 16. Qg6+ Rf7 17. Ne5 Be6 18. Nxf7 Bxf7 19. Qf6 Qd7 20. Qh8+ 1-0